Представление документа в формате MARC21

Поле Инд. ПП Название Значение
Тип записи a
Библиографический уровень m
001 Контрольный номер fdb551de167c4d4287b66d832d3554ab
005 Дата корректировки 20230314132652.6
040 b Код языка каталог. rus
041 0_ a Код языка текста rus
080 a Индекс УДК 004.93
084 a Индекс другой классификации/Индекс ББК 32.813.5
090 a Полочн. индекс 681.3
x Авторский знак Я62
097 b Оператор 02
100 1_ a Автор Янкович О. В.
245 10 a Заглавие Алгоритмы обнаружения изображений объектов
b Продолж. заглавия дисс. на соиск. степени магистра техн. наук : 1-40 80 02
c Ответственность науч. рук. И. И. Петровский
260 c Дата издания 2021
a Место издания Минск
b Издательство БГУИР
300 a Объем 58 с.
e Сопроводительные материалы автореферат
510 0_ a Примечание о ссылках Диссертации и авторефераты диссертаций
653 0_ a Ключевые слова распознавание объектов; изображения; алгоритмы (выч. техника)
856 40 u URL https://libeldoc.bsuir.by/bitstream/123456789/45167/1/Yankovich_Algoritmi.pdf
901 t Тип документа d